00555 2200193 4500001002100000005001500021035002000036245009900056100002000155250000600175300003200181700001600213260003400229082001100263084001700274020002200291600003100313990001700344INLIS00000000000175420241211110821 a0010-12240000041 aPara Pencari Ilmu :bKisah 9 Ulama Islam Terkemuka /cFuad Abdurahman; Penyunting, Lian Kagura0 aFuad Abdurahman a- a212 hlm. :bilus. ;c24 cm.0 aLian Kagura aJakarta :bNoura Books,c2018 a922.97 a922.97 FUA p a978-602-385-715-9 4aBiografi Tokoh Agama Islam a05344/P/2024